|
|
|
|
| LEADER |
00803cam a2200217 7i4500 |
| 001 |
0000003557 |
| 005 |
20181123090000.0 |
| 020 |
|
|
|a 9780201615708 (pbk.)
|
| 020 |
|
|
|a 0201615703 (pbk.)
|
| 090 |
0 |
0 |
|a TK7895.M4
|b R33 2002
|
| 100 |
1 |
|
|a Rabinovich, Michael
|
| 245 |
1 |
0 |
|a Web caching and replication
|c Michael Rabinovich, Oliver Spatscheck.
|
| 260 |
|
|
|a Boston:
|b Addison-Wesley,
|c 2002.
|
| 300 |
|
|
|a xxxi, 361 p.:
|b ill.;
|c 24 cm.
|
| 504 |
|
|
|a Includes bibliographical references and index
|
| 650 |
0 |
0 |
|a Electronic data processing --
|x Backup processing alternatives
|
| 650 |
0 |
0 |
|a Cache memory
|
| 650 |
0 |
0 |
|a World Wide Web
|
| 700 |
1 |
|
|a Spatscheck, Oliver
|
| 997 |
|
|
|a Communication, Visual Art & Computing, Faculty
|b Computing, Department
|
| 999 |
|
|
|a 0000004637
|b BOK
|c OPEN SHELF
|e 2nd Floor, Bestari Jaya
|